02249cam a2200361 i 4500001001000000003001000010005001700020007000300037008004100040020001500081040011800096041001300214082002200227100002900249240001300278245006400291264004800355264001200403300002800415336002700443337003300470338002800503490002900531504006600560505037300626520062800999563001501627630006001642942000701702945001201709952014901721999001701870768714001CO-MdFUSB20220531120351.0ta021024t2003 mnu b 001 0 eng  a0800696042 aDLCcCO-MdFUSBdPLTdC#PdMUQdBAKERdBTCTAdLMRdYDXCPdIG#dUBAdGEBAYdBDXdEUMdOCLCOdXPQdUtOrBLWbspaerda1 aenghger 223a223.807bL8331 aLohfink, Norbert.eautor10aKohelet.10aQoheleth c/ Norbert Lohfink ; traducido por Sean McEvenue. 1aMinneapolis, MN :bFortress Press, c[2003] 4c© 2003 a158 páginas :c25 cm. 2rdacontentatextobtxt 2rdamediaasin mediaciónbn 2rdacarrieravolumenbnc aA Continental Commentary aIncluye referencias bibliográficas (p. 145-150) e índice. aIntroducción. Estudio de los contenidos -- Historia de la interpretación -- Era y circunstancias de la escritura -- Un modelo de enculturación -- Forma lingüística -- Estructura -- El contenido israelita -- Autoría -- El libro y el canon -- Género literario -- La filosofía de Qohelet -- El desafío teológico de Qohelet -- Traducción. Comentario. a"Esta nueva adición a la exitosa serie Continental Commentary es un tratamiento significativo y fresco de Qoheleth (o Eclesiastés). Un famoso profesor presenta una traducción sorprendentemente nueva de este libro del Antiguo Testamento, a menudo desconcertante. Lohfink también aboga por una interpretación bastante diferente de el libro que uno encuentra en otra parte. En lugar de leer la perspectiva del libro como deprimente, perdida o cínica, destaca los elementos de alegría y equilibrio. El volumen incluye introducción, nueva traducción, comentario, pasajes paralelos, bibliografía e índices"  aPasta dura 7aBiblia.pEclesiastesxCrítica, interpretación, etc. cBK aJTF-925 00102ddc40708GENaFUSBCbFUSBCd2022-04-30l2m1oG 223.807 L833qp21060r2025-09-18 00:00:00s2025-09-03tEj. 1w2022-04-30yBKk1IINV2023 c67842d67842